|
|
|
|
| LEADER |
00000nam a2200000 4500 |
| 008 |
190220b2011 mx ||||| |||| 00| 0 spa d |
| 999 |
|
|
|c 3661
|d 3661
|
| 020 |
|
|
|a 9786079083120 (t. I)
|
| 090 |
|
|
|a 05.04.01
|b 2519
|
| 100 |
|
|
|9 4481
|a Hirsch Adler, Ana
|
| 245 |
1 |
0 |
|a Ética profesional : construcción de conocimiento interdisciplinario /
|c Ana Hirsch Adler (coordinadora)
|
| 260 |
|
|
|a México, D. F. :
|b Ediciones Gernika,
|c 2011
|
| 300 |
|
|
|a 411 páginas
|
| 650 |
1 |
4 |
|9 563
|a ÉTICA
|
| 650 |
1 |
4 |
|9 8
|a EDUCACIÓN SUPERIOR
|
| 650 |
1 |
4 |
|9 481
|a ESTUDIANTES UNIVERSITARIOS
|
| 650 |
1 |
4 |
|9 331
|a DOCENTES
|
| 650 |
1 |
4 |
|9 498
|a FORMACIÓN PROFESIONAL
|
| 942 |
|
|
|i 004555
|h 05.04.01 2519
|2 z
|c 01
|